Číslicové měřicí systémy /

Gespeichert in:
Bibliographische Detailangaben
1. Verfasser: Kocourek, Petr (Verfasst von)
Format: Buch
Sprache:Tschechisch
Veröffentlicht: Praha : České vysoké učení technické v Praze, 1994
Ausgabe:1.vyd.
Schlagworte:
Tags: Tag hinzufügen
Keine Tags, Fügen Sie das erste Tag hinzu!

MARC

LEADER 00000nam a22000003a 4500
001 stu7420
005 20150617225805.4
008 950322s1994----xr------------------cze-d
020 |a 80-01-01109-7 
040 |a STU  |b slo 
041 0 |a cze 
044 |a xr 
080 |a 621.317.08  |7 stu_us_auth*stu9927 
080 |a 681.32.08 
080 |a 004  |7 stu_us_auth*stu9200 
100 1 |a Kocourek, Petr  |4 aut 
245 1 |a Číslicové měřicí systémy /  |c Aut.: Kocourek,Petr a kol 
250 |a 1.vyd. 
260 |a Praha :  |b České vysoké učení technické v Praze,  |c 1994 
300 |a 336 s 
650 7 |a číslicové meracie systémy  |2 stusub 
650 7 |a EMC  |2 stusub 
650 7 |a elektromagnetická kompatibilita  |2 stusub 
650 7 |a programovanie meracích systémov  |2 stusub 
996 |b 284M081409  |c M*13279-1  |l MMST  |s A  |a 24  |w stu7420_0001 
996 |b E79593  |c E*79593  |l EE12  |s P  |a 0  |w stu7420_0002